000 00366nam a22001457a 4500
008 230607b xxu||||| |||| 00| 0 eng d
020 _a9789056179557
082 _a364.151
_bHUY
100 _cLuc Huyse
_d2009
245 _aAll Things pass Except The Past
_cLuc Huyse
260 _aBelgium
_bAwepa
_c2009
300 _a207 p
700 _cVan Halewyck
942 _2ddc
_cBK
999 _c773
_d773